Britain and the origins of the new Europe 1914-1918

Bibliographic Details
Main Author: Calder, Kenneth J. (Author)
Format: Book
Language:English
PhysicalDescription:viii, 268 s. mp. 22 cm
Published: Cambridge Cambridge University Press 2008
ISBN:9780521090209
Series:International studies
Subjects:

MARC

LEADER 00000cam a2200000 a 4500
001 vtls011591198
003 SK-MaSNL
005 20260426000334.0
008 240318s2008 xxk grn 001 0 eng
015 |a SNBZSA2016 
020 |a 9780521090209  |q (brožované) 
035 |a DCA3BE66-7B02-4E99-8A4B-0A87FA70B282 
035 |a urn:nbn:sk:snk-amycgh 
035 |a urn:nbn:sk:snk-am00cg8k 
040 |a SNK  |b slo  |c SNK  |e AACR2 
041 0 |a eng 
043 |a e-uk---  |a ee----- 
044 |a xxk  |c GB 
072 7 |a 327  |x Medzinárodné vzťahy, svetová politika  |2 konspekt 
080 |a 32  |2 2011 
080 |a (410)  |2 2011 
080 |a (4-11)  |2 2011 
080 |a (048.8)  |2 2011 
080 |a 94(100)"1914/1918"  |2 2011 
080 |a 327  |2 2011 
100 1 |a Calder, Kenneth J.  |4 aut  |9 555852 
245 1 0 |a Britain and the origins of the new Europe  |b 1914-1918  |c Kenneth J. Calder 
260 |a Cambridge  |b Cambridge University Press  |c 2008 
300 |a viii, 268 s.  |b mp.  |c 22 cm 
490 1 |a International studies 
504 |a Bibliogr. odkazy ; reg. 
648 7 |a 1914-1918  |2 SNKPH  |9 289143 
650 0 7 |a politika  |2 SNKPH  |9 968 
650 0 7 |a Politics  |2 SNKPHeng  |9 265606 
650 0 7 |a prvá svetová vojna (1914-1918)  |2 SNKPH  |9 162650 
650 0 7 |a World War (1914-1918)  |2 SNKPHeng  |9 293703 
651 7 |a Veľká Británia  |2 SNKPH  |9 20930 
651 7 |a Great Britain  |2 SNKPHeng  |9 288462 
651 7 |a Európa východná  |2 SNKPH  |9 167635 
651 7 |a Europe, Eastern  |2 SNKPHeng  |9 229905 
655 7 |a monografie  |2 SNKPH  |9 70139 
655 7 |a Monographs  |2 SNKPHeng  |9 120675 
830 0 |a International studies  |9 481182 
919 |a 978-0-521-09020-9 
958 |a NB 
958 |a ZS 
958 |a GB 
999 |c 852995  |d 854925 
952 |a SNK  |b SNK  |y PREZ  |7 0  |p 17A1217419  |o snkSC 171865  |i snk2016/26119  |8 3  |g 30.59  |0 0  |1 0  |4 0  |d 2016-11-07  |f 1  |l 0  |r 2025-09-10 00:00:00  |w 2026-02-24